The competitive status of the U. S. steel industry

Enregistré dans:
Détails bibliographiques
Auteur principal: Old, Bruce S.
Format: Livre
Langue:Undetermined
Publié: Washington National Academic 1985
Sujets:
Tags: Ajouter un tag
Pas de tags, Soyez le premier à ajouter un tag!
Thư viện lưu trữ: Trung tâm Học liệu Trường Đại học Cần Thơ
LEADER 00554nam a2200181Ia 4500
001 CTU_99572
008 210402s9999 xx 000 0 und d
082 |a 338.47669 
082 |b O.44 
100 |a Old, Bruce S. 
245 4 |a The competitive status of the U. S. steel industry 
260 |a Washington 
260 |b National Academic 
260 |c 1985 
650 |a Steel industry and trade,Steel industry and trade,Competition, international 
650 |z United states 
904 |i Truc 
980 |a Trung tâm Học liệu Trường Đại học Cần Thơ